| 000 | 00706nam a22002055i 4500 | ||
|---|---|---|---|
| 001 | 164579 | ||
| 003 | ES-MaACL | ||
| 005 | 20240511063041.0 | ||
| 008 | 990427s1889 sp |||| | spa d | ||
| 040 |
_aCCPB | B _bspa _cCCPB | B |
||
| 100 | 1 |
_aSánchez de Toca, Joaquín, _d1852-1942 _9102598 |
|
| 245 | 1 | 3 |
_aEl congreso católico y la Libertad de enseñanza / _cpor Joaquín Sánchez Toca. |
| 260 |
_aMadrid : _b[s.n.], _c1889 ( _fTipografía de Manuel Ginés Hernández) |
||
| 300 |
_aXXXVI, 288 p. ; _c18 cm. |
||
| 596 | _aMarca tip. en port. | ||
| 597 | _aAntep. | ||
| 650 | 0 | 4 |
_aLibertad de enseñanza. _914404 |
| 852 |
_aES-MaACL _jF-11274 _z-- Enc. pasta |
||
| 999 |
_c164579 _d164579 |
||